| 000 | 01008nam a2200289 a 4500 | ||
|---|---|---|---|
| 001 | 000115977 | ||
| 003 | CHAP | ||
| 005 | 20220329144556.0 | ||
| 008 | 190823s2016 mx a |r| ||||||spa d | ||
| 010 | _a112438 | ||
| 011 | _a113410 | ||
| 040 | _cCHAP | ||
| 082 | 0 | 4 |
_a633.61 _bI19 |
| 245 | 0 | 0 |
_aIdentificación de paquetes tecnológicos para el cultivo de caña de azúcar en las regiones cañeras de México / _cpor CONADESUCA y UACH. |
| 260 |
_aMéxico : _bSAGARPA, _c[2016]. |
||
| 300 |
_a66 p. : _bil. |
||
| 590 |
_aBATCH-UPD _b05 _c20190823 _lUCH01 _h1424 |
||
| 590 |
_aE5765TAJ _b05 _c20190823 _lUCH01 _h1300 |
||
| 590 |
_aE5765TAJ _b05 _c20190823 _lUCH01 _h1423 |
||
| 650 | 1 | 4 |
_aCaña de azúcar _xAspectos económicos. _918577 |
| 650 | 1 | 4 |
_aCaña de azúcar _xCultivo. _9136648 |
| 650 | 1 | 4 |
_aCaña de azúcar _xInnovaciones tecnológicas. _9136649 |
| 710 | 1 |
_aComité Nacional para el Desarrollo Sustentable de la Caña de Azúcar. México. _9136681 |
|
| 901 | _aBK | ||
| 942 | _cLIBRO | ||
| 942 | _n0 | ||
| 999 |
_c112438 _d112438 |
||